B15_トリップアドバイザー選出「都道府県代表観光スポット TDFK47」 - Statistics

General Stats
  • This quiz has been taken 18 times
  • The average score is 23 of 47
Answer Stats
都道府県 観光スポット % Correct
石川県 兼六園
88%
鳥取県 鳥取砂丘
88%
千葉県 東京ディズニーシー
82%
東京都 東京スカイツリー
82%
奈良県 東大寺
82%
島根県 出雲大社
82%
広島県 厳島神社
82%
愛媛県 松山城
82%
栃木県 日光東照宮
76%
富山県 立山黒部アルペンルート
76%
岐阜県 世界遺産白川郷合掌造り集落
76%
三重県 伊勢神宮
76%
京都府 清水寺
76%
兵庫県 姫路城
76%
沖縄県 沖縄美ら海水族館
76%
神奈川県 横浜みなとみらい21
76%
熊本県 熊本城
71%
鹿児島県 桜島
71%
岩手県 中尊寺
65%
群馬県 湯畑(草津温泉)
65%
長野県 松本城
65%
滋賀県 彦根城
59%
和歌山県 アドベンチャーワールド
53%
山梨県 富士急ハイランド
47%
北海道 函館山
41%
大阪府 海遊館
41%
高知県 桂浜
41%
宮崎県 高千穂峡
41%
青森県 奥入瀬渓流
35%
岡山県 倉敷美観地区
35%
佐賀県 虹の松原
35%
埼玉県 鉄道博物館
29%
福井県 福井県立恐竜博物館
29%
新潟県 佐渡金山跡
24%
山口県 角島大橋
24%
香川県 栗林公園
24%
長崎県 端島(軍艦島)
24%
山形県 立石寺
18%
福島県 五色沼
18%
愛知県 熱田神宮
18%
宮城県 定禅寺通り
12%
秋田県 男鹿真山伝承館(なまはげ館)
12%
福岡県 大濠公園
12%
大分県 大分マリーンパレス水族館 うみたまご
12%
徳島県 大塚国際美術館
6%
茨城県 国営ひたち海浜公園
0%
静岡県 エアパーク 航空自衛隊 浜松広報館
0%
No matching quizzes found
Score Distribution
Percent of People with Each Score
Percentile by Number Answered
Your Score History
You have not taken this quiz